000 00855cam a2200253 4500
001 a4369875
003 OSt
005 20131114101747.0
008 081104s1990 gtm spa
020 _a84-8377-014-8
040 _aSpMaBN
_bspa
_cBMC
_erdc
082 _a980.0102
082 _a330.9728
100 1 _aMacLeod, Murdo J.
_99196
245 1 0 _aHistoria socio-económica de la América central española
_b: 1520-1720
_cMurdo J. MacLeod ; [traducción, Irene Piedra Santa]
250 _a2ª ed
260 _aGuatemala
_bPiedra Santa
_ccop. 1980
300 _aXIII, 422 p.
_bil., gráf., mapas.
_c21 cm
594 _1Traducción de: Spanish Central America : a socioeconomic history
651 2 4 _aAmérica central
_xHistoria social
651 2 4 _aAmérica central
_xHistoria económica
700 1 _99199
_aPiedra Santa, Irene
942 _2ddc
_cBK
999 _c4025
_d4025